| 000 | 00984nam a22001817a 4500 | ||
|---|---|---|---|
| 003 | OSt | ||
| 005 | 20251221132951.0 | ||
| 008 | 251221b |||||||| |||| 00| 0 eng d | ||
| 040 | _cDCL | ||
| 082 | _a၂၉၄.၃၄၂ | ||
| 100 | 0 | _aဖားအောက်တောရဆရာတော်။ | |
| 245 | 1 | 0 |
_aသာသနာ့အမွေကို ခံယူခြင်းနှင့် ငါလုပ်ချင်တာ / _cဖားအောက်တောရဆရာတော် နှင့် အရှင်ရေဝတ(ဖားအောက်တောရ)။ |
| 264 |
_aရန်ကုန် ၊ _b[ပညာဉာဏ်ရောင်ပုံနှိပ်တိုက်] ၊ _c၂၀၀၅။ |
||
| 300 |
_aဇ၊ ၁၅၉ စာမျက်နှာ ၊ _c၂၀ စင်တီ။ |
||
| 650 |
_aဗုဒ္ဓဘာသာ _vတရားတော် |
||
| 700 | 0 | _aရေဝတ၊ အရှင်။ | |
| 942 |
_2ddc _cSHORT TERM _n0 |
||
| 999 |
_c2766 _d2766 |
||